| 000 | 01214nam a22002417a 4500 | ||
|---|---|---|---|
| 001 | 5686 | ||
| 003 | FISKH | ||
| 005 | 20250122125603.0 | ||
| 008 | 250114b cb ||||| |||| 00| 0 eng d | ||
| 020 | _a9781107635203 | ||
| 040 |
_aFISKH _beng _cFISKH _dFISKH |
||
| 050 | _aPZ7 | ||
| 082 | _a800 | ||
| 100 | _aBarker, Chris | ||
| 245 |
_aCambridge Global English stage 9 workbook : _bfor Cambridge secondary 1 English as a second language / _cby Chris Barker and Libby Mitchell |
||
| 250 | _aFirst published 2016 | ||
| 260 |
_aCambridge : _bCambridge University Press ; _c2016. |
||
| 300 |
_a128 pages : _billustrations ; _c28 cm . |
||
| 520 | _aCambridge Global English Stages 7-9 follow the Cambridge Lower Secondary English as a Second Language (ESL) Curriculum Framework. Workbook 9 is organised into eighteen thematic units of study based on the Cambridge International Examinations English as a Second Language Scheme of Work for Stage 9. The units are carefully structured to reinforce the language learning of the Coursebook, at the same time as extending students' knowledge via a range of exercise types. CEFR Level: B1 | ||
| 700 |
_aMitchell, Libby _eauthor |
||
| 942 |
_2ddc _cBK _n0 |
||
| 999 |
_c5686 _d5686 |
||